Normal view
MARC view
- Arshad N.Siddiquee ,Zahid A Khan ,Mukhtar Ahmed
Entry Personal Name
001 - CONTROL NUMBER
- control field: 57153
003 - CONTROL NUMBER IDENTIFIER
- control field: NUST
005 - DATE AND TIME OF LATEST TRANSACTION
- control field: 20210628201849.0
008 - FIXED-LENGTH DATA ELEMENTS
- fixed length control field: 210628|| aca||aabn | a|a d
040 ## - CATALOGING SOURCE
- Original cataloging agency: NUST
- Transcribing agency: NUST
100 ## - HEADING--PERSONAL NAME
- Personal name: Arshad N.Siddiquee ,Zahid A Khan ,Mukhtar Ahmed
670 ## - SOURCE DATA FOUND
- Source citation: Work cat.: (NUST): Arshad N.Siddiquee ,Zahid A Khan ,Mukhtar Ahmed, Engineering drawing ,with a primer on autocad, 2004
